000 00310nam a2200109Ia 4500
008 221009s9999 xx 000 0 und d
082 _a080
100 _aशर्मा,रॉबिन
_978703
245 0 _a5 AM क्‍लब
260 _bजयको पब्लिशिंग हाउस
942 _cBK
999 _c65259
_d65259